Statystyki dla BoJack Horseman - Postacie

Kliknij tutaj aby rozwiązać quiz!

Ogólne statystyki

  • Ten quiz został rozwiązany 8 razy
  • Średni wynik to 8 z 15

Statystyki odpowiedzi

Odpowiedź% Poprawnych
BoJack Horseman
100%
Diane
88%
Sarah Lynn
88%
Todd
88%
Mr Peanutbutter
75%
Princess Carolyn
75%
Beatrice
63%
Ana
50%
Secretariat
50%
Gina
38%
Kelsey
38%
Wanda
38%
Lenny
13%
Sebastian
13%
Officer Meow Meow
0%

Rozkład punktacji

Percentyl według liczby udzielonych odpowiedzi

Procent ludzi z każdym wynikiem

Twoja historia wyników

Nie rozwiązałeś tego quizu